|
|
|
|
| LEADER |
00000naa2a2200000 4500 |
| 001 |
608915 |
| 005 |
20240209163341.0 |
| 035 |
|
|
|a (RuTPU)RU\TPU\conf\6361
|
| 090 |
|
|
|a 608915
|
| 100 |
|
|
|a 20141020d2014 k y0rusy50 ca
|
| 101 |
0 |
|
|a rus
|
| 102 |
|
|
|a RU
|
| 105 |
|
|
|a y z 101zy
|
| 135 |
|
|
|a drmn ---uucaa
|
| 181 |
|
0 |
|a i
|
| 182 |
|
0 |
|a b
|
| 200 |
1 |
|
|a Информационно-измерительная подсистема нефтеперекачивающей станции "Парабель"
|f Г. С. Няшина
|g науч. рук. Д. О. Глушков
|
| 203 |
|
|
|a Текст
|c электронный
|
| 225 |
1 |
|
|a Автоматизированные системы управления технологическими процессами
|
| 300 |
|
|
|a Заглавие с титульного экрана
|
| 320 |
|
|
|a [Библиогр.: с. 127 (3 назв.)]
|
| 337 |
|
|
|a Adobe Reader
|
| 461 |
|
1 |
|0 (RuTPU)RU\TPU\conf\6228
|t Интеллектуальные энергосистемы
|o труды II Международного молодёжного форума, 6-10 октября 2014 г., г. Томск
|o в 2 т.
|f Национальный исследовательский Томский политехнический университет (ТПУ)
|d 2014
|
| 463 |
|
1 |
|0 (RuTPU)RU\TPU\conf\6230
|t Т. 1
|v [С. 123-127]
|d 2014
|
| 610 |
1 |
|
|a труды учёных ТПУ
|
| 610 |
1 |
|
|a электронный ресурс
|
| 610 |
1 |
|
|a информационно-измерительные подсистемы
|
| 610 |
1 |
|
|a нефтеперекачивающие станции
|
| 610 |
1 |
|
|a Парабель
|
| 610 |
1 |
|
|a микропроцессорные средства
|
| 610 |
1 |
|
|a средства автоматизации
|
| 700 |
|
1 |
|a Няшина
|b Г. С.
|c специалист в области теплоэнергетики
|c ассистент Томского политехнического университета, кандидат технических наук
|f 1992-
|g Галина Сергеевна
|3 (RuTPU)RU\TPU\pers\35548
|9 18729
|
| 702 |
|
1 |
|a Глушков
|b Д. О.
|c специалист в области теплоэнергетики
|c доцент Томского политехнического университета, кандидат физико-математических наук
|f 1988-
|g Дмитрий Олегович
|4 727
|
| 712 |
0 |
2 |
|a Национальный исследовательский Томский политехнический университет (ТПУ)
|b Энергетический институт (ЭНИН)
|b Кафедра автоматизации теплоэнергетических процессов (АТП)
|3 (RuTPU)RU\TPU\col\18678
|
| 801 |
|
2 |
|a RU
|b 63413507
|c 20210604
|g RCR
|
| 856 |
4 |
|
|u http://www.lib.tpu.ru/fulltext/c/2014/C43/V1/030.pdf
|
| 942 |
|
|
|c BK
|